000 01603nam a2200229 a 4500
001 000016746
005 20200929164944.0
008 100310t1956 dr 001 0 spa d
040 _aDO-SdBNP
_bspa
_cBNPHU
082 _a344.7293
_bR426l
110 1 _aRepública Dominicana.
_9447
240 1 0 _a[Leyes, etc.]
245 1 0 _aLegislación sobre seguros.
260 _aCiudad Trujillo, República Dominicana :
_bSecretaría de Estado de Finanzas,
_c1956.
300 _a48 p. ;
_c22 cm.
505 0 _tLey no. 3788, sobre Compañías de Seguros, de fecha 19 de marzo de 1954 --
_tReglamento no.136, para la aplicación de la misma --
_tLey no.116 sobre el impuesto establecido a las finanzas de las compañías de seguros --
_tReglamento no.7294 para ejercer la profesión de agente solicitador de seguros --
_tLey no.4117, de seguro obligatorios contra daños ocasionados por vehículos de motor --
_tLey no.4341 que modifica varios artículos de la ley no.4117 y deroga el artículo 6 de la misma --
_tDecreto no.1339, que aprueba la tarifa de seguro obligatorio sobre vehículos de motor --
_gDatos sobre seguros --
_tRelación de las compañías de seguros y aseguradores extranjeros autorizados por el poder ejecutivo para operar en el país, con datos relativos a la nacionalidad de las mismas, domicilio, finanzas, etc.
650 4 _aSeguridad social
_xLegislación
_zRepública Dominicana
_914351
650 4 _aPolítica social
_zRepública Dominicana
_911024
710 2 _aRepública Dominicana.
_bSecretaría de Estado de Finanzas
_932264
910 _aValidado. Control de calidad EMS.
049 _aBNPD
999 _c16278
_d16278